[Event "4NCL Online Div 3 Playoff"]
[Site "online"]
[Date "2022.05.03"]
[EventDate "2022.05.03"]
[Round "8.13"]
[White "Clarkson, Andrew"]
[WhiteElo "2063"]
[WhiteTeam "Hebden Bridge 1"]
[Black "Benson, Alice"]
[BlackElo "740"]
[BlackTeam "Phones Pals B"]
[Result "1-0"]
[PlyCount "141"]

1. e4 c5 2. Nf3 d6 3. d4 cxd4 4. Nxd4 Nf6 5. Nc3 a6 6. h3 e5 7. Nde2 h5 8. Bg5 Be7 9. Qd2 Be6 10. g3 Nbd7 11. Bg2 b5 12. a3 Rc8 13. O-O O-O 14. Rac1 Nb6 15. b3 Nh7 16. Bxe7 Qxe7 17. f4 Rfd8 18. Nd5 Bxd5 19. exd5 Nf6 20. Rfe1 Qc7 21. Red1 Re8 22. f5 Qb7 23. Qg5 Qe7 24. g4 hxg4 25. hxg4 Nh7 26. Qxe7 Rxe7 27. Rd3 Rec7 28. c3 Nd7 29. Rg3 f6 30. Kh2 Nc5 31. c4 Ng5 32. cxb5 axb5 33. Rgc3 Kf7 34. b4 Na6 35. Rxc7+ Rxc7 36. Rxc7+ Nxc7 37. Nc3 g6 38. Bf1 Nf3+ 39. Kg3 Nd4 40. fxg6+ Kxg6 41. Bd3+ Kf7 42. Kh4 Kg8 43. Kh5 Kg7 44. Kh4 Kh6 45. Kg3 Kg7 46. Kf2 Kh6 47. Ke3 Kg5 48. Ne4+ Kxg4 49. Nxf6+ Kg5 50. Ne4+ Kg4 51. Nxd6 Nxd5+ 52. Kf2 Nc3 53. Ke3 Kg5 54. Ne4+ Nxe4 55. Kxe4 Kf6 56. Kd5 Nb3 57. Bxb5 Kf5 58. Bd3+ Kf4 59. b5 Nd4 60. b6 Nf5 61. Bxf5 Kxf5 62. b7 e4 63. b8=Q e3 64. Qe5+ Kg4 65. Qxe3 Kf5 66. a4 Kg6 67. a5 Kf6 68. a6 Kg6 69. a7 Kf6 70. a8=Q Kf7 71. Qa6 1-0

[Event "4NCL Online Div 3 Playoff"]
[Site "online"]
[Date "2022.05.03"]
[EventDate "2022.05.03"]
[Round "8.14"]
[White "Srivastava, Aditya"]
[WhiteElo "654"]
[WhiteTeam "Phones Pals B"]
[Black "Shapland, David"]
[BlackElo "1928"]
[BlackTeam "Hebden Bridge 1"]
[Result "0-1"]
[PlyCount "90"]

1. d4 Nf6 2. Nf3 g6 3. Bf4 d6 4. Nc3 Bg7 5. e4 c6 6. Qd2 b5 7. Bd3 a5 8. h3 b4 9. Ne2 Nbd7 10. O-O O-O 11. Bh6 Bb7 12. Bxg7 Kxg7 13. e5 Nd5 14. Nf4 Nxf4 15. Qxf4 Qc7 16. Rfe1 c5 17. exd6 Qxd6 18. Qxd6 exd6 19. Re7 Rad8 20. Bb5 Bxf3 21. Bxd7 Bd5 22. dxc5 dxc5 23. b3 c4 24. Bb5 c3 25. Rae1 Kf6 26. Ra7 Ra8 27. Rd7 Rfd8 28. Ree7 Be6 29. Rxd8 Rxd8 30. Ra7 Bf5 31. Ra6+ Kg7 32. Kh2 Bxc2 33. Rxa5 Bb1 34. Be2 c2 35. Rc5 Rd2 36. Bf3 Rd1 37. Rxc2 Bxc2 38. Bxd1 Bxd1 39. Kg1 Kf6 40. Kf1 Ke5 41. Ke1 Bc2 42. Kd2 Be4 43. g3 Kd4 44. f4 f6 45. h4 h6 0-1

[Event "4NCL Online Div 3 Playoff"]
[Site "online"]
[Date "2022.05.03"]
[EventDate "2022.05.03"]
[Round "8.21"]
[White "Bucher, Goetz"]
[WhiteElo "1969"]
[WhiteTeam "Bearsden Grizzlies"]
[Black "Smyth, C Mike"]
[BlackElo "2027"]
[BlackTeam "Morpeth"]
[Result "1-0"]
[PlyCount "103"]

1. e4 c5 2. Ne2 d6 3. g3 g6 4. Bg2 Bg7 5. d4 cxd4 6. Nxd4 Nf6 7. c4 O-O 8. Nc3 Qb6 9. Nc2 Bg4 10. Qd4 Qd8 11. Be3 Be6 12. Qd3 Nc6 13. f4 Ng4 14. Bg1 Na5 15. b3 b5 16. Nxb5 Bxa1 17. Nxa1 a6 18. Nd4 Bd7 19. h3 e5 20. hxg4 exd4 21. g5 Nc6 22. Bxd4 Nxd4 23. Qxd4 Qa5+ 24. Qd2 Qc5 25. Nc2 a5 26. Bf3 f5 27. e5 Rae8 28. Bd5+ Be6 29. Bxe6+ Rxe6 30. Qd5 Qxd5 31. cxd5 Re7 32. e6 Rc7 33. Kd2 a4 34. Nd4 Rc5 35. Kd3 Rxd5 36. b4 Rc8 37. e7 Re8 38. Kc4 Rxd4+ 39. Kxd4 Rxe7 40. a3 Re2 41. Rb1 Re4+ 42. Kd3 Re7 43. b5 Kf7 44. b6 Rb7 45. Kc4 Rb8 46. Kb5 Ke7 47. Kxa4 Kd7 48. Kb5 Kc8 49. a4 Kb7 50. a5 Rc8 51. a6+ Kb8 52. b7 1-0

[Event "4NCL Online Div 3 Playoff"]
[Site "online"]
[Date "2022.05.03"]
[EventDate "2022.05.03"]
[Round "8.22"]
[White "Turner, James"]
[WhiteElo "1910"]
[WhiteTeam "Morpeth"]
[Black "Colston, Rob"]
[BlackElo "1872"]
[BlackTeam "Bearsden Grizzlies"]
[Result "0-1"]
[PlyCount "68"]

1. e4 e6 2. d3 d5 3. Nd2 Nf6 4. Ngf3 Nc6 5. c3 a5 6. e5 Nd7 7. d4 f6 8. Bb5 fxe5 9. dxe5 Be7 10. Nd4 Nxd4 11. cxd4 O-O 12. Nf3 c5 13. Be3 Qb6 14. a4 cxd4 15. Bxd4 Bb4+ 16. Kf1 Bc5 17. Bxc5 Qxc5 18. Rc1 Qe7 19. Rc7 Qd8 20. Qc1 h6 21. h4 Rf5 22. Bd3 Rxf3 23. gxf3 Nxe5 24. Rg1 Kf8 25. Qc5+ Ke8 26. Rgxg7 Bd7 27. Rg8+ Kf7 28. Rxd8 Rxd8 29. Bb5 Ke8 30. Qd6 Bxb5+ 31. Kg2 Rxd6 32. axb5 Rb6 33. Rh7 Nf7 34. Kg3 Kf8 0-1

[Event "4NCL Online Div 3 Playoff"]
[Site "online"]
[Date "2022.05.03"]
[EventDate "2022.05.03"]
[Round "8.23"]
[White "Watt, David A"]
[WhiteElo "1921"]
[WhiteTeam "Bearsden Grizzlies"]
[Black "Eastlake, Phil"]
[BlackElo "1898"]
[BlackTeam "Morpeth"]
[Result "1-0"]
[PlyCount "125"]

1. e4 e5 2. Nf3 Nc6 3. Bb5 a6 4. Bxc6 dxc6 5. O-O Bg4 6. h3 Bxf3 7. Qxf3 Bc5 8. Qg3 Qf6 9. d3 h6 10. Be3 Bd6 11. Nd2 Ne7 12. Nc4 O-O 13. f4 exf4 14. Bxf4 Bxf4 15. Rxf4 Qd4+ 16. Kh1 b5 17. c3 Qc5 18. Nd2 Ng6 19. Rf5 Qd6 20. Qxd6 cxd6 21. d4 a5 22. Raf1 a4 23. a3 Rad8 24. g3 Ne7 25. R5f2 f6 26. h4 Ng6 27. h5 Nh8 28. Nf3 Nf7 29. Nh4 Ng5 30. Rf4 Rfe8 31. Re1 Nh3 32. Rf3 Ng5 33. Rfe3 Kf7 34. Nf3 Nxf3 35. Rxf3 Re6 36. Rfe3 Rde8 37. Kg2 d5 38. Kf3 dxe4+ 39. Rxe4 R6e7 40. Rxe7+ Rxe7 41. Rxe7+ Kxe7 42. Ke4 Ke6 43. g4 Kf7 44. d5 Ke7 45. dxc6 Kd6 46. Kf5 Kxc6 47. Kg6 Kd5 48. Kxg7 Ke6 49. Kg6 Ke7 50. Kf5 Kf7 51. Ke4 Ke6 52. Kd4 f5 53. gxf5+ Kxf5 54. Kc5 Kg5 55. Kxb5 Kxh5 56. c4 Kg4 57. c5 h5 58. c6 h4 59. c7 h3 60. c8=Q+ Kg3 61. Qc6 h2 62. Kxa4 Kf2 63. Qh1 1-0

[Event "4NCL Online Division 4"]
[Site "online"]
[Date "2022.01.25"]
[EventDate "2022.01.25"]
[Round "1.12"]
[White "Bucchi, Andrea"]
[WhiteElo "1582"]
[WhiteTeam "Wessex Some Stars G"]
[Black "Sarkar, Rian"]
[BlackElo "1539"]
[BlackTeam "Barnet Knights C"]
[Result "0-1"]
[PlyCount "136"]

1. e4 c5 2. Nf3 e6 3. d4 cxd4 4. Nxd4 a6 5. Nc3 Qc7 6. Bd3 b5 7. O-O Bb7 8. Re1 d6 9. Nf3 Nd7 10. Qe2 Rc8 11. e5 Bxf3 12. Qxf3 Nxe5 13. Qe4 Nf6 14. Qe2 Nxd3 15. Qxd3 Be7 16. Bg5 O-O 17. Rac1 h6 18. Bh4 Rfd8 19. Ne4 Nxe4 20. Bxe7 Qxe7 21. Qxe4 Qf6 22. c3 d5 23. Qe5 Qxe5 24. Rxe5 b4 25. Ree1 bxc3 26. bxc3 Rc4 27. Kf1 Rdc8 28. Ke2 Rxc3 29. Rxc3 Rxc3 30. Kd2 Ra3 31. Ra1 Kf8 32. Kc2 Ke7 33. Kb2 Rd3 34. Rf1 Rd2+ 35. Kb3 Kd6 36. a4 a5 37. Kc3 Re2 38. Kd3 Ra2 39. Rb1 Rxf2 40. Rb6+ Kc7 41. Rb5 Rxg2 42. Rxa5 Ra2 43. Ra7+ Kd6 44. a5 Kc5 45. Rxf7 g5 46. Rf6 Rxa5 47. Rxe6 h5 48. Re5 Ra3+ 49. Kc2 Ra2+ 50. Kb1 Rg2 51. Kc1 h4 52. Kd1 g4 53. Rg5 Rxh2 54. Rxg4 d4 55. Ke1 Kc4 56. Kf1 Kc3 57. Kg1 Rh3 58. Kf2 d3 59. Rg8 Kd2 60. Rg2 Kd1 61. Rg1+ Kc2 62. Ra1 Kb2 63. Rd1 Kc2 64. Ra1 d2 65. Ra2+ Kc1 66. Ra1+ Kb2 67. Rd1 Kc2 68. Ke2 Rh2+ 0-1

[Event "4NCL Online Division 4"]
[Site "online"]
[Date "2022.01.25"]
[EventDate "2022.01.25"]
[Round "1.13"]
[White "Angelopoulos, Andreas"]
[WhiteElo "1477"]
[WhiteTeam "Barnet Knights C"]
[Black "Davenport, Robert"]
[BlackElo "1576"]
[BlackTeam "Wessex Some Stars G"]
[Result "0-1"]
[PlyCount "84"]

1. d4 g6 2. c4 Bg7 3. Nc3 d6 4. e4 Nd7 5. Nf3 e5 6. d5 h6 7. Be2 a5 8. a3 Ne7 9. O-O f5 10. exf5 Nxf5 11. Ne4 O-O 12. Bd3 a4 13. b3 axb3 14. Qxb3 Nd4 15. Nxd4 exd4 16. Bd2 Ne5 17. Rad1 b6 18. Bc1 Bd7 19. Bb2 Ba4 20. Qa2 Bxd1 21. Rxd1 Nd7 22. Bc2 Ne5 23. Bxd4 Qh4 24. Bxe5 Bxe5 25. g3 Qg4 26. Re1 Bd4 27. Bd1 Qf5 28. Qd2 Bg7 29. Bc2 Rae8 30. Re2 Qe5 31. Kf1 Qa1+ 32. Kg2 Qxa3 33. Qe1 Qf3+ 34. Kg1 Bd4 35. h3 Rxe4 36. Bxe4 Qxg3+ 37. Kf1 Qxh3+ 38. Bg2 Qd3 39. Qd2 Rxf2+ 40. Ke1 Qxd2+ 41. Kxd2 Rxe2+ 42. Kxe2 Kf7 0-1

[Event "4NCL Online Division 4"]
[Site "online"]
[Date "2022.01.25"]
[EventDate "2022.01.25"]
[Round "1.14"]
[White "Blythe, Douglas"]
[WhiteElo "1432"]
[WhiteTeam "Wessex Some Stars G"]
[Black "Lee, Xander"]
[BlackElo "1541"]
[BlackTeam "Barnet Knights C"]
[Result "0-1"]
[PlyCount "78"]

1. e4 c5 2. Nc3 Nc6 3. g3 g6 4. Bg2 Bg7 5. d3 e6 6. Be3 d6 7. Qd2 Rb8 8. Nf3 Nd4 9. O-O b5 10. a3 a5 11. Bxd4 cxd4 12. Ne2 e5 13. b4 a4 14. c4 dxc3 15. Nxc3 Be6 16. Ng5 Bb3 17. f4 h6 18. Nh3 exf4 19. Nxf4 Nf6 20. Rac1 O-O 21. Ncd5 Nxd5 22. Nxd5 Bxd5 23. exd5 Rc8 24. Be4 Qb6+ 25. Kh1 Qd4 26. Rc6 Rxc6 27. dxc6 d5 28. Bg2 Rc8 29. Rc1 Rc7 30. Re1 Rxc6 31. Re8+ Kh7 32. Re7 Qa1+ 33. Re1 Qxa3 34. Bxd5 Rd6 35. Bxf7 Rxd3 36. Qc2 Qc3 37. Qb1 Qc6+ 38. Kg1 Bd4+ 39. Kf1 Qf3# 0-1

[Event "4NCL Online Division 4"]
[Site "online"]
[Date "2022.01.25"]
[EventDate "2022.01.25"]
[Round "1.21"]
[White "Harrison, Peter K"]
[WhiteElo "1658"]
[WhiteTeam "Devana Corieltauvorum"]
[Black "Sheehy, Lewis"]
[BlackElo "1096"]
[BlackTeam "Manchester Juniors C"]
[Result "1-0"]
[PlyCount "69"]

1. d4 Nf6 2. c4 g6 3. Nc3 Bg7 4. e4 d6 5. Be2 Nc6 6. Nf3 Bg4 7. Bg5 Bxf3 8. Bxf3 Qd7 9. O-O O-O-O 10. Be3 h5 11. Qa4 Ng4 12. d5 Nxe3 13. fxe3 Ne5 14. Qxa7 Nxf3+ 15. Rxf3 c5 16. Qa8+ Kc7 17. Qa5+ Kb8 18. Nb5 b6 19. Qxb6+ Qb7 20. Qxb7+ Kxb7 21. Rb1 Rhf8 22. b4 Kb6 23. a3 cxb4 24. axb4 Rc8 25. Rc1 Bf6 26. Nd4 Bxd4 27. exd4 f6 28. c5+ Kb5 29. Rb3 f5 30. e5 dxe5 31. dxe5 Rfd8 32. Rd1 Kc4 33. Rbb1 Rxd5 34. Rbc1+ Kxb4 35. Rxd5 1-0

[Event "4NCL Online Division 4"]
[Site "online"]
[Date "2022.01.25"]
[EventDate "2022.01.25"]
[Round "1.31"]
[White "Smith, Jonathan"]
[WhiteElo "1443"]
[WhiteTeam "Shropshire and Friends 6"]
[Black "Morgan, Marc"]
[BlackElo "1651"]
[BlackTeam "Hackney Spice Boys"]
[Result "0-1"]
[PlyCount "90"]

1. d4 g6 2. c4 Bg7 3. Nf3 Nf6 4. e3 O-O 5. Nc3 d6 6. Be2 Nbd7 7. O-O c6 8. b3 a6 9. Bb2 b5 10. cxb5 axb5 11. b4 Nb6 12. a3 Nfd5 13. Nxd5 Nxd5 14. Qc2 Bd7 15. Rfd1 f5 16. g3 Bf6 17. Bf1 g5 18. h3 Rf7 19. Bg2 Rc8 20. Qb3 Be6 21. a4 bxa4 22. Qxa4 Nb6 23. Qc2 d5 24. Nd2 Rg7 25. Nb3 Nd7 26. Nc5 Nxc5 27. bxc5 f4 28. exf4 gxf4 29. g4 Qd7 30. f3 Bh4 31. Qe2 Re8 32. Bc3 Bf7 33. Be1 Bf6 34. Bf2 e5 35. Qd2 Qc7 36. Re1 Bg6 37. dxe5 Bxe5 38. Bd4 Rge7 39. Bxe5 Rxe5 40. Rxe5 Qxe5 41. Qc1 d4 42. Kf1 Bd3+ 43. Kf2 Bb5 44. Bf1 d3 45. Qe1 Qd4+ 0-1

[Event "4NCL Online Division 4"]
[Site "online"]
[Date "2022.01.25"]
[EventDate "2022.01.25"]
[Round "1.32"]
[White "Nabijou, Kayvon"]
[WhiteElo "1570"]
[WhiteTeam "Hackney Spice Boys"]
[Black "Slegg, Gary"]
[BlackElo "1419"]
[BlackTeam "Shropshire and Friends 6"]
[Result "1-0"]
[PlyCount "55"]

1. e4 c5 2. Nf3 Nc6 3. d4 cxd4 4. Nxd4 g6 5. c4 d6 6. Be2 Bg7 7. Be3 Nf6 8. Nc3 O-O 9. O-O Nxd4 10. Bxd4 Be6 11. f4 Ne8 12. f5 Bd7 13. Qd2 Qa5 14. a3 Bxd4+ 15. Qxd4 Qc5 16. Qxc5 dxc5 17. Rad1 Bc6 18. Nd5 Bxd5 19. Rxd5 Nd6 20. Rxc5 Rfc8 21. Rxc8+ Rxc8 22. fxg6 fxg6 23. e5 Nxc4 24. Rc1 Nb6 25. Rxc8+ Nxc8 26. Bf3 Nb6 27. Bxb7 Nc4 28. Bd5+ 1-0

[Event "4NCL Online Division 4"]
[Site "online"]
[Date "2022.01.25"]
[EventDate "2022.01.25"]
[Round "1.33"]
[White "Casewell, John M"]
[WhiteElo "1327"]
[WhiteTeam "Shropshire and Friends 6"]
[Black "Robinson, Joe"]
[BlackElo "1452"]
[BlackTeam "Hackney Spice Boys"]
[Result "1-0"]
[PlyCount "65"]

1. c4 f5 2. e3 Nf6 3. Nc3 e6 4. a3 Be7 5. g3 O-O 6. Bg2 d6 7. Nge2 Nc6 8. d4 a5 9. O-O Qe8 10. Nb5 Bd8 11. Nec3 Kh8 12. d5 Ne5 13. b3 a4 14. Nxa4 Ne4 15. Bb2 Rb8 16. Bxe5 dxe5 17. Nbc3 Nxc3 18. Nxc3 Bf6 19. Rc1 g5 20. dxe6 c6 21. Qd6 Bxe6 22. Na4 Rd8 23. Qc7 Rf7 24. Qb6 f4 25. exf4 gxf4 26. Nc5 Bc8 27. Rcd1 Rxd1 28. Rxd1 Be7 29. Ne4 Bxa3 30. Rd8 Rf8 31. Rxe8 Rxe8 32. c5 Re7 33. Qd8+ 1-0

[Event "4NCL Online Division 4"]
[Site "online"]
[Date "2022.01.25"]
[EventDate "2022.01.25"]
[Round "1.34"]
[White "Saunois, Anthony"]
[WhiteElo "1400"]
[WhiteTeam "Hackney Spice Boys"]
[Black "Evans, Alf"]
[BlackElo "1297"]
[BlackTeam "Shropshire and Friends 6"]
[Result "0-1"]
[PlyCount "82"]

1. d4 Nf6 2. c4 g6 3. Nc3 d5 4. e3 Bg7 5. Nf3 e6 6. Ne5 O-O 7. f3 Nc6 8. a3 Nxe5 9. dxe5 Nd7 10. f4 c6 11. Bd3 dxc4 12. Bxc4 Nb6 13. Bd3 Nd5 14. O-O Qb6 15. Rf3 Nxc3 16. bxc3 Rd8 17. Qc2 Qc7 18. Bb2 b5 19. Raf1 Qd7 20. Rd1 Qe7 21. g4 a6 22. Rdf1 Qd7 23. Rd1 Qe7 24. Rdf1 Bb7 25. f5 c5 26. fxe6 Qxe6 27. Rxf7 Qxg4+ 28. Kf2 Rf8 29. Rxf8+ Rxf8+ 30. Ke1 Qh4+ 31. Kd2 Rxf1 32. Bxf1 Qf2+ 33. Kc1 Qxf1+ 34. Kd2 Bf3 35. e6 Qe2+ 36. Kc1 Qxe3+ 37. Kb1 Be4 38. Bc1 Bxc2+ 39. Kxc2 Qxc3+ 40. Kd1 Qd3+ 41. Bd2 Qd6 0-1

[Event "4NCL Online Division 4"]
[Site "online"]
[Date "2022.01.25"]
[EventDate "2022.01.25"]
[Round "1.41"]
[White "Nancarrow, Richard"]
[WhiteElo "1454"]
[WhiteTeam "Breage Bruisers"]
[Black "Taylor, Robert K"]
[BlackElo "2005"]
[BlackTeam "Sheffield Uni 70's Graduates"]
[Result "0-1"]
[PlyCount "90"]

1. d4 Nf6 2. Bf4 c5 3. c3 e6 4. e3 Nc6 5. Nf3 Be7 6. dxc5 a5 7. Bd6 Ne4 8. Bxe7 Qxe7 9. Nbd2 Nxc5 10. Be2 O-O 11. O-O Rb8 12. a3 a4 13. Bb5 b6 14. Bxa4 Ba6 15. c4 e5 16. Bxc6 dxc6 17. b3 Rfd8 18. Qc2 Bb7 19. Rfd1 f6 20. Ne1 Qf7 21. Ne4 Nxe4 22. Qxe4 c5 23. Rxd8+ Rxd8 24. Qc2 Qd7 25. Nf3 e4 26. Ne1 Qd2 27. Qxd2 Rxd2 28. Rb1 Ba6 29. Rc1 Rb2 30. Rc3 Rb1 31. Kf1 Rxb3 32. Rxb3 Bxc4+ 33. Kg1 Bxb3 34. f3 f5 35. fxe4 fxe4 36. Kf2 Bd1 37. g3 Kf7 38. Ng2 g5 39. Ke1 Bf3 40. Kf2 Bxg2 41. Kxg2 b5 42. Kf2 Ke6 43. Ke2 Kd5 44. Kd2 Kc4 45. Kc2 g4 0-1

[Event "4NCL Online Division 4"]
[Site "online"]
[Date "2022.01.25"]
[EventDate "2022.01.25"]
[Round "1.42"]
[White "Hughes, Richard"]
[WhiteElo "1866"]
[WhiteTeam "Sheffield Uni 70's Graduates"]
[Black "Evdokimova, Maria"]
[BlackElo "1428"]
[BlackTeam "Breage Bruisers"]
[Result "1-0"]
[PlyCount "81"]

1. d4 Nf6 2. c4 g6 3. Nc3 Bg7 4. e4 d6 5. f3 O-O 6. Be3 c6 7. Qd2 b6 8. Bd3 e5 9. Nge2 Nh5 10. O-O f5 11. Bg5 Qe8 12. Bh6 f4 13. Bxg7 Kxg7 14. Bc2 Qe7 15. Rad1 Qg5 16. dxe5 dxe5 17. Qd6 Re8 18. Ba4 Bh3 19. Rf2 Bd7 20. Qc7 Kh6 21. Qb7 Na6 22. Rxd7 Rh8 23. Qxa6 Nf6 24. Rd1 Rad8 25. Bxc6 Rxd1+ 26. Nxd1 Rd8 27. Bd5 Rd7 28. Qc8 Kh5 29. Rf1 Rg7 30. Qh3+ Qh4 31. Qxh4+ Kxh4 32. g3+ Kg5 33. gxf4+ exf4 34. Kf2 Kh6 35. Nxf4 Nh5 36. Nxh5 gxh5 37. Rg1 Rc7 38. Ne3 h4 39. Nf5+ Kh5 40. f4 b5 41. Rg5# 1-0

[Event "4NCL Online Division 4"]
[Site "online"]
[Date "2022.01.25"]
[EventDate "2022.01.25"]
[Round "1.43"]
[White "Doubleday, Peter"]
[WhiteElo "1402"]
[WhiteTeam "Breage Bruisers"]
[Black "McSheehy, Chris J"]
[BlackElo "1721"]
[BlackTeam "Sheffield Uni 70's Graduates"]
[Result "0-1"]
[PlyCount "82"]

1. e4 c5 2. c3 Nf6 3. Bd3 Nc6 4. Bc2 e5 5. Nf3 d6 6. O-O Be7 7. h3 O-O 8. d4 Qc7 9. Be3 b6 10. Nbd2 Re8 11. Rc1 Ba6 12. Re1 h6 13. Nf1 Bf8 14. Ng3 g6 15. Qd2 Kh7 16. Nh2 Bg7 17. d5 Ne7 18. Bd1 Bc8 19. h4 Bd7 20. h5 g5 21. Nf3 g4 22. Nh4 Rg8 23. c4 Rad8 24. Nhf5 Nxf5 25. exf5 b5 26. b3 b4 27. Bc2 a5 28. Qe2 Ra8 29. f3 gxf3 30. Qxf3 a4 31. Ne4 axb3 32. axb3 Ra2 33. g4 Nxe4 34. Qxe4 Bf6 35. Re2 Qc8 36. Rg2 Qd8 37. Bxh6 Kxh6 38. g5+ Rxg5 39. Rxg5 Bxg5 40. f6 Qg8 41. Rf1 Bh3 0-1

[Event "4NCL Online Division 4"]
[Site "online"]
[Date "2022.01.25"]
[EventDate "2022.01.25"]
[Round "1.44"]
[White "Grobler, David"]
[WhiteElo "1651"]
[WhiteTeam "Sheffield Uni 70's Graduates"]
[Black "Scully, Pat"]
[BlackElo "1380"]
[BlackTeam "Breage Bruisers"]
[Result "1-0"]
[PlyCount "41"]

1. e4 c6 2. d4 d5 3. exd5 cxd5 4. Bd3 Nc6 5. c3 h6 6. Bf4 Nf6 7. Nd2 Bg4 8. Ngf3 e6 9. h3 Bxf3 10. Nxf3 Bd6 11. Ne5 Nxe5 12. dxe5 Bc7 13. exf6 Bxf4 14. Qa4+ Kf8 15. fxg7+ Kxg7 16. Qxf4 Kf8 17. Kd2 Rc8 18. Rhe1 Rc6 19. a4 e5 20. Qxe5 Re6 21. Qxh8+ 1-0

[Event "4NCL Online Division 4"]
[Site "online"]
[Date "2022.01.25"]
[EventDate "2022.01.25"]
[Round "1.51"]
[White "Jenkins, Paul"]
[WhiteElo "1500"]
[WhiteTeam "Bishop Knights"]
[Black "Mooney, Graham"]
[BlackTitle "CM"]
[BlackElo "1880"]
[BlackTeam "Dundee City C"]
[Result "1/2-1/2"]
[PlyCount "91"]

1. e4 c5 2. Nf3 d6 3. d4 cxd4 4. Nxd4 Nf6 5. Nc3 a6 6. Be3 g6 7. Be2 Nbd7 8. O-O Bg7 9. Qd2 O-O 10. a4 Ne5 11. h3 Bd7 12. f4 Nc6 13. Rad1 Nxd4 14. Bxd4 Bc6 15. Qe3 Nd7 16. b4 Bxd4 17. Qxd4 Nb6 18. a5 Nc8 19. Nd5 Bxd5 20. Qxd5 Qc7 21. f5 Qc6 22. Bc4 Qxd5 23. Bxd5 Rb8 24. fxg6 hxg6 25. Rxf7 Rxf7 26. Rf1 e6 27. Bxe6 Na7 28. Rxf7 Kh8 29. Bd5 Nc6 30. c3 Ne5 31. Rxb7 Rc8 32. Ra7 Rxc3 33. Rxa6 Rc1+ 34. Kh2 Nd3 35. Ra8+ Kg7 36. b5 Rc2 37. b6 Nf4 38. Kg3 Ne2+ 39. Kg4 Nd4 40. g3 Rf2 41. b7 Nf3 42. b8=Q Ne5+ 43. Kh4 Nf3+ 44. Kg4 Ne5+ 45. Kh4 Nf3+ 46. Kg4 1/2-1/2

[Event "4NCL Online Division 4"]
[Site "online"]
[Date "2022.01.25"]
[EventDate "2022.01.25"]
[Round "1.52"]
[White "Kosznik, Dariusz"]
[WhiteElo "1867"]
[WhiteTeam "Dundee City C"]
[Black "Clynes, Chris"]
[BlackElo "1421"]
[BlackTeam "Bishop Knights"]
[Result "1-0"]
[PlyCount "53"]

1. e4 e6 2. d4 d5 3. e5 c5 4. c3 Nc6 5. Bd3 Bd7 6. Ne2 Qb6 7. Bc2 f6 8. exf6 Nxf6 9. O-O Bd6 10. Na3 O-O 11. c4 cxd4 12. Nb5 Bc5 13. b3 Ng4 14. Bb2 d3 15. Qxd3 Bxf2+ 16. Kh1 Nf6 17. Bxf6 Rxf6 18. Qxh7+ Kf7 19. Nd6+ Kf8 20. Qh8+ Ke7 21. Qxg7+ Kxd6 22. Qxf6 Bc5 23. cxd5 Nd4 24. dxe6 Bxe6 25. Rad1 Kc7 26. Nxd4 Rf8 27. Nxe6+ 1-0

[Event "4NCL Online Division 4"]
[Site "online"]
[Date "2022.01.25"]
[EventDate "2022.01.25"]
[Round "1.53"]
[White "Edmundson, Deborah"]
[WhiteElo "1331"]
[WhiteTeam "Bishop Knights"]
[Black "Dawson, Alastair"]
[BlackElo "1833"]
[BlackTeam "Dundee City C"]
[Result "0-1"]
[PlyCount "74"]

1. d4 Nf6 2. c4 e6 3. Nc3 d5 4. Nf3 Be7 5. Bg5 O-O 6. cxd5 exd5 7. e3 h6 8. Bh4 c6 9. Be2 Bf5 10. Bd3 Bxd3 11. Qxd3 Nbd7 12. O-O Re8 13. Bg3 Bf8 14. Ne5 Nxe5 15. dxe5 Nd7 16. f4 b5 17. Ne2 Nc5 18. Qf5 Ne4 19. Be1 c5 20. Rd1 b4 21. Ng3 Nxg3 22. Bxg3 c4 23. e4 d4 24. Bf2 d3 25. Qh3 Qc7 26. Bd4 Bc5 27. Bf2 Bxf2+ 28. Rxf2 Rad8 29. Qg3 Rd4 30. f5 Qxe5 31. Rf4 f6 32. Qg6 Rxe4 33. Rxe4 Qxe4 34. Qh5 Qe3+ 35. Kf1 c3 36. bxc3 Qe2+ 37. Kg1 Qxh5 0-1

[Event "4NCL Online Division 4"]
[Site "online"]
[Date "2022.01.25"]
[EventDate "2022.01.25"]
[Round "1.54"]
[White "Dawson, Euan"]
[WhiteElo "1847"]
[WhiteTeam "Dundee City C"]
[Black "Burnett, John"]
[BlackElo "1173"]
[BlackTeam "Bishop Knights"]
[Result "1-0"]
[PlyCount "61"]

1. e4 Nc6 2. Nc3 e6 3. g3 e5 4. Bg2 Bb4 5. Nge2 Nf6 6. O-O d6 7. h3 a6 8. d3 h6 9. Be3 Be6 10. Nd5 Ba5 11. f4 exf4 12. gxf4 Ne7 13. Nxf6+ gxf6 14. f5 Bc8 15. Nf4 Nc6 16. d4 Bb6 17. Nd5 Ba7 18. c3 h5 19. Qe1 b5 20. Qh4 Ne5 21. dxe5 Bxe3+ 22. Nxe3 dxe5 23. Rad1 Qe7 24. Nd5 Qc5+ 25. Kh1 Rh6 26. Nxf6+ Rxf6 27. Qxf6 Bb7 28. Qh8+ Ke7 29. f6+ Ke6 30. Qh7 Qe3 31. Qf5# 1-0

[Event "4NCL Online Division 4"]
[Site "online"]
[Date "2022.01.25"]
[EventDate "2022.01.25"]
[Round "1.61"]
[White "Blinkhorn, Joshua"]
[WhiteElo "1580"]
[WhiteTeam "Hebden Bridge 3"]
[Black "Ash, Thomas"]
[BlackElo "1700"]
[BlackTeam "Downend 2"]
[Result "0-1"]
[PlyCount "93"]

1. e4 c5 2. Nf3 d6 3. d4 cxd4 4. Nxd4 Nf6 5. Nc3 a6 6. Bg5 Nbd7 7. f4 Qc7 8. Qf3 h6 9. Bh4 g5 10. Bg3 gxf4 11. Bxf4 Qc5 12. O-O-O Ne5 13. Qf2 Neg4 14. Qd2 e5 15. Nb3 Qf2 16. Bg3 Qxd2+ 17. Rxd2 Be6 18. h3 Ne3 19. Bd3 Rg8 20. Bh4 Nd7 21. Re1 Nxg2 22. Rg1 Bxh3 23. Nd5 Rc8 24. Ne3 h5 25. Rdxg2 Bxg2 26. Rxg2 Rxg2 27. Nxg2 Bh6+ 28. Kd1 Nb6 29. Nd2 Na4 30. Kc1 Nxb2 31. Kxb2 Bxd2 32. Be2 Kd7 33. Bxh5 Rg8 34. Ne1 f5 35. Nf3 Be3 36. exf5 e4 37. Bf7 Rg4 38. Be6+ Ke8 39. f6 Rf4 40. f7+ Kf8 41. Bg3 exf3 42. Bxf4 Bxf4 43. a4 f2 44. Bc4 d5 45. Bf1 Kxf7 46. Kc3 Ke6 47. Kb4 0-1

[Event "4NCL Online Division 4"]
[Site "online"]
[Date "2022.01.25"]
[EventDate "2022.01.25"]
[Round "1.62"]
[White "Meadows, James"]
[WhiteElo "1700"]
[WhiteTeam "Downend 2"]
[Black "Gledhill, Paul"]
[BlackElo "1543"]
[BlackTeam "Hebden Bridge 3"]
[Result "0-1"]
[PlyCount "72"]

1. e4 c5 2. Nf3 d6 3. d4 cxd4 4. Nxd4 Nf6 5. Nc3 a6 6. h3 e6 7. g4 h6 8. Bg2 Be7 9. Be3 Nc6 10. Qd2 Ne5 11. Qe2 Qc7 12. O-O-O Bd7 13. f4 Nc4 14. Bf2 Rc8 15. Rd3 b5 16. Re1 b4 17. Nd5 exd5 18. exd5 Qd8 19. Bh4 Kf8 20. g5 hxg5 21. Bxg5 Nxd5 22. Bxd5 Bxg5 23. fxg5 Qxg5+ 24. Kb1 Re8 25. Be4 d5 26. Nf3 Qf6 27. Rd4 Rxh3 28. Qf2 Rxf3 29. Bxf3 Rxe1+ 30. Qxe1 Qxd4 31. c3 Qd3+ 32. Kc1 Qxf3 33. cxb4 Qe3+ 34. Qxe3 Nxe3 35. Kd2 Nc4+ 36. Kc3 g5 0-1

[Event "4NCL Online Division 4"]
[Site "online"]
[Date "2022.01.25"]
[EventDate "2022.01.25"]
[Round "1.63"]
[White "Sullivan, Terry"]
[WhiteElo "1379"]
[WhiteTeam "Hebden Bridge 3"]
[Black "Walsh, Shaun"]
[BlackElo "1433"]
[BlackTeam "Downend 2"]
[Result "1/2-1/2"]
[PlyCount "60"]

1. d4 Nf6 2. Nf3 g6 3. c4 Bg7 4. Nc3 O-O 5. e4 d6 6. Be2 e5 7. d5 Nbd7 8. Be3 Ng4 9. Bg5 f6 10. Bh4 Nc5 11. h3 Nh6 12. b4 Nd7 13. O-O c6 14. Rb1 cxd5 15. Qxd5+ Nf7 16. Qd3 b6 17. Nd5 Bb7 18. Rfd1 Rc8 19. Qa3 Bxd5 20. cxd5 Rc7 21. Rbc1 Qb8 22. Rxc7 Qxc7 23. Rc1 Qb8 24. Ba6 Rd8 25. Qc3 Nf8 26. Qc7 Qxc7 27. Rxc7 Rd7 28. Rc8 Rd8 29. Rc6 Rd7 30. Rc8 Rd8 1/2-1/2

[Event "4NCL Online Division 4"]
[Site "online"]
[Date "2022.01.25"]
[EventDate "2022.01.25"]
[Round "1.64"]
[White "Bleeg, Elliott"]
[WhiteElo "1314"]
[WhiteTeam "Downend 2"]
[Black "Nolan, Matthew"]
[BlackElo "1200"]
[BlackTeam "Hebden Bridge 3"]
[Result "1-0"]
[PlyCount "57"]

1. e4 c6 2. d4 d5 3. e5 Bf5 4. Nf3 b5 5. Be3 e6 6. Bd3 Na6 7. c3 f6 8. O-O fxe5 9. Nxe5 Bd6 10. Bxf5 exf5 11. Qh5+ g6 12. Nxg6 hxg6 13. Qxh8 Kf8 14. Bh6+ Kf7 15. Qg7+ Ke8 16. Qxg8+ Kd7 17. Qxg6 Qh4 18. h3 Re8 19. Bg5 Qe4 20. Qf7+ Re7 21. Bxe7 Bxe7 22. Nd2 Qc2 23. Rfe1 Qxb2 24. Qxe7+ Kc8 25. Qe8+ Kb7 26. Re7+ Kb6 27. Qd8+ Nc7 28. Qxc7+ Ka6 29. Qxa7# 1-0